000 00543nam a2200157Ia 4500
008 090124s9999 xx 000 0 und d
082 _b204943
245 _a मनुष्य महाबली कैसे बना(खण्ड-2)
250 _a1
260 _bनीलाभ
_c1999
300 _a97
630 _a मनुष्य महाबली कैसे बना(खण्ड-2)
700 _aनीलाभ
730 _a मनुष्य महाबली कैसे बना(खण्ड-2)
942 _cBOOK
999 _c186524
_d186524